Hamilton characters - Statistics

General Stats
  • This quiz has been taken 426 times
  • The average score is 10 of 15
Answer Stats
Hint Answer % Correct
Hamilton's wife Eliza
99%
Daddy said to be home by S u N d O w N!!! Peggy
89%
Affair time! Maria Reynolds
82%
You don't have the votes Thomas Jefferson
82%
Shooty shooty shot. Oops I didn't know Hamilton was standing there. | Drops gun | Aaron Burr
78%
In the eye of a hurricane, there in quiet. Alexander Hamilton
77%
_______ I like you a lot! Laurens
73%
I'm a general, WHEEEEEEEEEEEEEEEEEEEEEEEEEEEEEEEEEEEEEEEEEE Charles Lee
67%
Gimme all your money Hamilton James Reynolds
66%
Pops, if you had only heard the ____ he said about you! Philip Hamilton
62%
France James Madison
52%
Basically Hamilton's impulse control George Washington
50%
Jesus Christ, this will be FuN!!! King George III
47%
CLOTHING! Hercules Mulligan
43%
I come back with more guns and ships Marie-Joseph Paul Yves Roch Gilbert du Motier, Marquis de Lafayette
3%
No matching quizzes found
Score Distribution
Percent of People with Each Score
Percentile by Number Answered
Your Score History
You have not taken this quiz